[Event "Aragon-chT Preferente Gr II"]
[Site "Aragon"]
[Date "2022.02.05"]
[Round "2.58"]
[White "Chine Infantes, Miguel Angel"]
[Black "Caballero Ortin, Jorge"]
[Result "1-0"]
[WhiteElo "1811"]
[BlackElo "1740"]
[PlyCount "123"]
[EventDate "2022.01.29"]
[EventType "team-tourn"]
[EventRounds "9"]
[EventCountry "ESP"]
[SourceTitle "EXT 2024"]
[Source "ChessBase"]
[SourceDate "2023.10.10"]
[SourceVersion "1"]
[SourceVersionDate "2023.10.10"]
[SourceQuality "1"]
[WhiteTeam "Fraga"]
[BlackTeam "Palacio de Pioneros III"]
[WhiteTeamCountry "ESP"]
[BlackTeamCountry "ESP"]

1. e4 e6 2. Nf3 d5 3. exd5 exd5 4. d4 Nf6 5. Be2 Bd6 6. 0-0 Bf5 7. Bd3 Ne4 8. Re1 0-0 9. c4 c6 10. cxd5 cxd5 11. Nc3 Nxc3 12. bxc3 Bxd3 13. Qxd3 Nd7 14. Bg5 Qc7 15. Be7 Bxe7 16. Rxe7 Qd6 17. Ng5 Nf6 18. Rxb7 Qc6 19. Rab1 h6 20. Nf3 Ne4 21. Ne5 Qxc3 22. Qxc3 Nxc3 23. R1b2 Rac8 24. g3 f6 25. Ng6 Rfe8 26. Ne7+ Rxe7 27. Rxe7 Ne4 28. Rd7 Rc1+ 29. Kg2 Nc3 30. Rxa7 Ra1 31. Rc2 Nb5 32. Ra8+ Kh7 33. Rc5 Nxd4 34. Rxd5 Ne2 35. h4 Nc3 36. Rdd8 h5 37. Rd3 Rxa2 38. Rxa2 Nxa2 39. Rd5 Kg6 40. f3 Nb4 41. Ra5 Nc6 42. Rc5 Ne5 43. Ra5 Nc6 44. Ra8 Ne5 45. Kf2 Nc6 46. Ke3 Ne5 47. Ra4 Kh6 48. Kf4 Kg6 49. Ra5 Nd3+ 50. Ke3 Ne5 51. Ra1 Nc4+ 52. Kf4 Ne5 53. Ra3 Nc4 54. Rc3 Ne5 55. g4 hxg4 56. fxg4 Nf7 57. Ra3 Nh6 58. Ra7 Kh7 59. g5 Ng8 60. Kf5 Kh8 61. Kg6 fxg5 62. Rxg7 1-0

[Event "Aragon-chT Honor Titulo"]
[Site "Aragon"]
[Date "2021.05.29"]
[Round "9.12"]
[White "Caballero Ortin, Jorge"]
[Black "Vela Frago, Alberto"]
[Result "1/2-1/2"]
[WhiteElo "1677"]
[BlackElo "2065"]
[PlyCount "100"]
[EventDate "2021.05.15"]
[EventType "team-tourn"]
[EventRounds "10"]
[EventCountry "ESP"]
[SourceTitle "EXT 2024"]
[Source "ChessBase"]
[SourceDate "2023.10.10"]
[SourceVersion "1"]
[SourceVersionDate "2023.10.10"]
[SourceQuality "1"]
[WhiteTeam "Palacio de Pioneros"]
[BlackTeam "Casablanca MyInvestor"]
[WhiteTeamCountry "ESP"]
[BlackTeamCountry "ESP"]

1. e4 c5 2. Nf3 e6 3. g3 Nc6 4. Bg2 d6 5. 0-0 a6 6. Re1 Nf6 7. d3 g6 8. e5 dxe5 9. Nxe5 Nxe5 10. Rxe5 Nd7 11. Re1 Bg7 12. Nc3 0-0 13. h4 Ra7 14. Bg5 Qc7 15. Qd2 b6 16. h5 Bb7 17. hxg6 hxg6 18. Bh6 Kh7 19. Bxg7 Kxg7 20. Ne4 e5 21. Ng5 Bxg2 22. Kxg2 Qc6+ 23. f3 Raa8 24. Rh1 Rh8 25. Rae1 f6 26. Ne4 Rad8 27. g4 b5 28. Rxh8 Rxh8 29. Rh1 Rxh1 30. Kxh1 Nf8 31. Qh2 Qd5 32. g5 f5 33. Nd2 c4 34. dxc4 bxc4 35. c3 Ne6 36. Qh6+ Kf7 37. Qh7+ Ng7 38. Qh2 Nh5 39. Qf2 Kg8 40. Kh2 Nf4 41. Nf1 Qd8 42. Qh4 Qd1 43. Qf2 Nd3 44. Qb6 Nf4 45. Qb8+ Kf7 46. Qb7+ Ke8 47. Qb8+ Kd7 48. Qb7+ Kd8 49. Qb8+ Kd7 50. Qb7+ Kd8 1/2-1/2